| 000 | 00897cab a2200241 4500 | ||
|---|---|---|---|
| 001 | ABS56640 | ||
| 008 | 090401t1997 xxu||||| |||| 00| 0 eng d | ||
| 035 | _a(Sirsi) u24991 | ||
| 041 | _aeng | ||
| 100 | _aTutcher, S. | ||
| 245 | _aGovernment shakes up the rating game | ||
| 260 | _c1997 | ||
| 350 | _a0 | ||
| 490 |
_aProperty Week _v58(5) 7 February 1997, 22(1) |
||
| 520 | _aDiscusses impending changes to the rating system as outlined in the November 1996 Budget and the Local Government and Rating Bill. Also looks at government proposals to bring industries which are subject to prescribed rateable values into line with conventional rating in 2000. | ||
| 650 | _aDISCRETIONARY RELIEF | ||
| 650 | _aLOCAL GOVERNMENT AND RATING BILL | ||
| 650 | _aNON-DOMESTIC RATING | ||
| 650 | _aPRESCRIBED ASSESSMENTS | ||
| 690 | _aRATING AND VALUATION | ||
| 942 | _n0 | ||
| 948 | _c04/03/1997 | ||
| 999 |
_c16760 _d16760 |
||